[Event "Challenge"]
[Site "http://www.queenalice.com/game.php?id=1481085"]
[Date "2017.6.4"]
[Round "-"]
[White "leb"]
[Black "Seleuco"]
[Result "0-1"]
[WhiteElo "1500"]
[BlackElo "1500"]

1. d4 Nf6 2. c4 e6 3. Nf3 b6 4. Nc3 Bb7 5. Bg5 Be7 6. e3 O-O 7. Bd3 c5 8. Qc2
Bxf3 9. gxf3 cxd4 10. exd4 Nc6 11. Bxf6 Bxf6 12. Bxh7+ Kh8 13. Be4 Nxd4 14. Qd1
Rc8 15. f4 Kg8 16. Rg1 Rxc4 0-1

[Event "AUTO-OPEN-3811"]
[Site "http://www.queenalice.com/game.php?id=1481427"]
[Date "2017.6.7"]
[Round "1"]
[White "leb"]
[Black "princesher"]
[Result "1-0"]
[WhiteElo "1266"]
[BlackElo "1951"]

1. d4 d5 2. c4 dxc4 3. e3 b5 4. a4 Bd7 5. axb5 Bxb5 6. Nc3 c6 7. Nxb5 cxb5 8.
Qf3 Nd7 9. Qc6 Qb8 10. Nf3 f6 11. Be2 g5 12. Bd2 Bg7 13. Ba5 a6 14. Nxg5 fxg5
15. Bh5+ Kf8 16. Qxd7 Nf6 17. Qh3 Nxh5 18. Qxh5 h6 19. O-O Qe8 20. Qf3+ Bf6 21.
e4 Kg8 22. e5 Bg7 23. Qe4 e6 24. f4 Ra7 25. f5 exf5 26. Rxf5 Rf7 27. Qd5 Qd7 28.
Qxf7+ Qxf7 29. Rxf7 Kxf7 30. Kf2 Re8 31. Ke3 Bf8 32. Ke4 Ke6 33. d5+ Kf7 34. e6+
Kg6 35. Ke5 Be7 36. Bc7 Rf8 37. d6 Rf5+ 38. Kd4 Bf6+ 39. Ke3 Re5+ 40. Kd2 Rxe6
41. Rxa6 g4 42. Rb6 Re5 43. Kc2 Re2+ 44. Kd1 Rxb2 45. d7 Kf7 46. Rxf6+ Kxf6 47.
d8=Q+ Kf5 48. Qd5+ Kg6 49. Qe6+ Kh7 50. Qf7+ Kh8 51. Be5# 1-0

[Event "AUTO-OPEN-3811"]
[Site "http://www.queenalice.com/game.php?id=1481428"]
[Date "2017.6.7"]
[Round "1"]
[White "princesher"]
[Black "leb"]
[Result "0-1"]
[WhiteElo "1961"]
[BlackElo "1300"]

1. e4 e6 2. h3 d5 3. e5 c5 4. Bb5+ Bd7 5. Bxd7+ Qxd7 6. Nf3 Ne7 7. b3 Ng6 8. d3
Be7 9. Bb2 Nc6 10. Nbd2 Qc7 11. O-O Ncxe5 12. Bxe5 Nxe5 13. Nxe5 Qxe5 14. Re1
Qc3 15. Nf3 Bf6 16. Rb1 O-O 17. Re2 b5 18. Qd2 Qxd2 19. Nxd2 a5 20. a3 Rfc8 21.
f4 Bc3 22. Nf3 Bd4+ 23. Nxd4 cxd4 24. g4 Rc5 25. Kf2 Rac8 26. Rc1 Rc3 27. Ree1
Rxc2+ 28. Rxc2 Rxc2+ 29. Kf3 Rc3 30. f5 Rxd3+ 31. Kf4 Re3 32. Rd1 e5+ 33. Kg5
Rxh3 34. f6 g6 35. Rxd4 h6# 0-1

[Event "AUTO-OPEN-3811"]
[Site "http://www.queenalice.com/game.php?id=1481429"]
[Date "2017.6.7"]
[Round "1"]
[White "leb"]
[Black "ReyFeroz"]
[Result "1-0"]
[WhiteElo "1266"]
[BlackElo "1435"]

1. d4 e6 2. c4 f5 3. Qd3 Nf6 4. Bg5 d5 5. e3 c6 6. Nf3 Bd6 7. Nc3 O-O 8. cxd5
cxd5 9. Be2 Nc6 10. O-O Bd7 11. a3 Be8 12. b4 Bh5 13. Na4 Bxf3 14. Bxf3 b6 15.
Rac1 Qd7 16. Nb2 Rac8 17. Rc2 Ne4 18. Bxe4 fxe4 19. Qe2 Rf5 20. Bh4 Rff8 21. Bg3
Bxg3 22. hxg3 Ne7 23. Rfc1 Rxc2 24. Rxc2 Rc8 25. Qd2 Rxc2 26. Qxc2 Qc8 27. Qxc8+
Nxc8 28. Nd1 Nd6 29. Nc3 Nc4 30. Nb5 a6 31. Nc7 Nxa3 32. Nxa6 Kf7 33. Kf1 Ke7
34. Ke2 Kd6 35. Kd2 Kc6 36. b5+ Nxb5 37. Nb8+ Kc7 38. Na6+ Kb7 39. Nb4 Na7 40.
Kc3 Nc6 41. Na2 b5 42. Nc1 Kb6 43. Ne2 b4+ 44. Kb3 Kb5 45. Nf4 Na5+ 46. Kb2 Ka4
47. Nxe6 Nc4+ 48. Kc1 b3 49. Nc7 Nb6 50. Kb2 Nc4+ 51. Kb1 b2 52. Ka2 Nb6 53.
Kxb2 Kb4 54. Ne6 Nd7 55. Nxg7 Nf6 56. Nf5 Ng4 57. f3 Nf6 58. Ne7 Kc4 59. Kc2 h5
60. Nf5 Kb4 61. Nd6 Ka4 62. Kc3 Ka3 63. fxe4 dxe4 64. Nf5 Ka4 65. Kc4 1-0

[Event "AUTO-OPEN-3811"]
[Site "http://www.queenalice.com/game.php?id=1481430"]
[Date "2017.6.7"]
[Round "1"]
[White "ReyFeroz"]
[Black "leb"]
[Result "1-0"]
[WhiteElo "1424"]
[BlackElo "1300"]

1. c4 d5 2. cxd5 Nf6 3. Nc3 Nxd5 4. Qb3 Nxc3 5. dxc3 e5 6. Nf3 Bd6 7. Qc2 O-O 8.
e4 Bg4 9. Be2 Nd7 10. Be3 Qe7 11. O-O Bc5 12. Bxc5 Qxc5 13. Rfd1 Nf6 14. Ne1
Bxe2 15. Qxe2 Rad8 16. Nd3 Qc6 17. Nxe5 Qxe4 18. Qxe4 Nxe4 19. Nc4 Nd6 20. Nxd6
Rxd6 21. Rxd6 cxd6 22. Re1 f5 23. Re7 Rf7 24. Re8+ Rf8 25. Rxf8+ Kxf8 26. Kf1
Ke7 27. Ke2 g5 28. Kd3 Ke6 29. Kd4 b5 30. b4 d5 31. Kc5 a6 32. Kb6 Kd6 33. Kxa6
Kc6 34. Ka5 f4 35. h3 h5 36. Ka6 g4 37. h4 f3 38. gxf3 gxf3 39. Ka5 d4 40. cxd4
Kd5 41. Kxb5 Kxd4 42. a4 Kd3 43. a5 Ke2 44. a6 Kxf2 45. a7 Kg1 46. a8=Q f2 47.
Qa7 Kh1 48. Qa1+ Kg2 49. Kc6 f1=Q 50. Qxf1+ Kxf1 51. b5 Kg2 52. b6 Kg3 53. b7
Kxh4 54. b8=Q Kh3 55. Qb1 Kh2 56. Qe4 Kg3 57. Qh1 h4 58. Kd5 h3 59. Ke4 h2 60.
Ke3 Kh3 61. Kf4 Kh4 62. Qxh2# 1-0

[Event "AUTO-OPEN-3811"]
[Site "http://www.queenalice.com/game.php?id=1481431"]
[Date "2017.6.7"]
[Round "1"]
[White "leb"]
[Black "worldwide"]
[Result "1-0"]
[WhiteElo "1300"]
[BlackElo "1971"]

1. d4 b6 2. c4 Bb7 3. Nc3 Nf6 4. Nf3 e6 5. Bg5 Bxf3 6. gxf3 Nc6 7. e4 Be7 8. Bd3
Nxd4 9. Rg1 h6 10. Bh4 g5 11. Bg3 h5 12. h4 Nh7 13. hxg5 Nxg5 14. Be2 Nxe2 15.
Qxe2 Bb4 16. Qd3 Qf6 17. Ke2 Bxc3 18. bxc3 O-O-O 19. a4 Nh3 20. Rgb1 h4 21. Bh2
Rdg8 22. c5 Nf4+ 23. Bxf4 Qxf4 24. cxb6 1-0

[Event "AUTO-OPEN-3811"]
[Site "http://www.queenalice.com/game.php?id=1481432"]
[Date "2017.6.7"]
[Round "1"]
[White "worldwide"]
[Black "leb"]
[Result "0-1"]
[WhiteElo "1971"]
[BlackElo "1300"]

1. e4 e6 2. e5 d5 3. d4 c5 4. Nf3 Nc6 5. Bb5 Bd7 6. c4 cxd4 7. cxd5 exd5 8. Nxd4
Nxe5 9. Bxd7+ Qxd7 10. O-O Bd6 11. Nd2 Ne7 12. N2f3 O-O 13. Re1 Nxf3+ 14. Qxf3
Bc5 15. Nb3 Bb4 16. Rd1 Rfe8 17. a3 Bd6 18. Bf4 Bxf4 19. Qxf4 Qb5 20. Qf3 Rac8
21. Nd4 Qxb2 22. Rab1 Qc3 23. Rd3 Qc7 24. Nb5 Qc2 25. Rbd1 Qc5 26. a4 a6 0-1

[Event "Challenge"]
[Site "http://www.queenalice.com/game.php?id=1488511"]
[Date "2017.8.2"]
[Round "-"]
[White "knight576"]
[Black "leb"]
[Result "1-0"]
[WhiteElo "2189"]
[BlackElo "1300"]

1. e4 e6 2. d4 d5 3. e5 c5 4. c3 Nc6 5. Nf3 Qb6 6. a3 a5 7. Bd3 cxd4 8. cxd4 Bd7
9. Bc2 Nh6 10. Bxh6 gxh6 11. Nc3 Bg7 12. O-O O-O 13. Qd3 Rfc8 14. Qxh7+ Kf8 15.
Na4 Qa6 16. Nc5 1-0

[Event "Challenge"]
[Site "http://www.queenalice.com/game.php?id=1488516"]
[Date "2017.8.2"]
[Round "-"]
[White "leb"]
[Black "knight576"]
[Result "1-0"]
[WhiteElo "1300"]
[BlackElo "2188"]

1. d4 d5 2. c4 e6 3. Nc3 Nf6 4. Bg5 Nbd7 5. e3 Be7 6. Nf3 h6 7. Bh4 O-O 8. cxd5
Nxd5 9. Bxe7 Qxe7 10. Nxd5 exd5 11. Bd3 Qb4+ 12. Qd2 Qxd2+ 13. Kxd2 f5 14. Rac1
c6 15. b4 Nf6 16. a4 Ne4+ 17. Ke2 f4 18. Bxe4 dxe4 19. Ne5 Be6 20. b5 cxb5 21.
axb5 a5 22. bxa6 bxa6 23. Rc7 1-0

[Event "Challenge"]
[Site "http://www.queenalice.com/game.php?id=1499173"]
[Date "2017.10.16"]
[Round "-"]
[White "sunking1"]
[Black "leb"]
[Result "0-1"]
[WhiteElo "1440"]
[BlackElo "1376"]

1. b3 d5 2. d4 Nf6 3. f3 e6 4. Bg5 c5 5. c3 cxd4 6. cxd4 Be7 7. Nh3 O-O 8. Nf4
Bb4+ 9. Kf2 Ng4+ 10. Kg1 Qxg5 11. fxg4 Qxf4 12. a3 Bd6 13. Nd2 Qe3# 0-1

[Event "AUTO-OPEN-3811"]
[Site "http://www.queenalice.com/game.php?id=1500085"]
[Date "2017.10.23"]
[Round "2"]
[White "leb"]
[Black "Football_rules"]
[Result "0-1"]
[WhiteElo "1362"]
[BlackElo "1600"]

1. d4 d5 2. c4 dxc4 3. e3 Be6 4. Nf3 h6 5. Qa4+ c6 6. Ne5 Nd7 7. f4 Ngf6 8. Nc3
b5 9. Qc2 Nxe5 10. fxe5 Nd5 11. Ne4 Bf5 12. Nf6+ exf6 13. Qxf5 Bb4+ 14. Kd1 c3
15. bxc3 Nxc3+ 0-1

[Event "AUTO-OPEN-3811"]
[Site "http://www.queenalice.com/game.php?id=1500086"]
[Date "2017.10.23"]
[Round "2"]
[White "Football_rules"]
[Black "leb"]
[Result "1-0"]
[WhiteElo "1593"]
[BlackElo "1373"]

1. e4 e6 2. d3 d5 3. exd5 exd5 4. Nf3 Nf6 5. h3 Bd6 6. Nc3 O-O 7. Be3 c5 8. d4
cxd4 9. Qxd4 Be6 10. Bd3 Nc6 11. Qh4 Ne5 12. Bg5 Nxd3+ 13. cxd3 Be7 14. Ne5 h6
15. Be3 1-0

[Event "AUTO-OPEN-3811"]
[Site "http://www.queenalice.com/game.php?id=1500087"]
[Date "2017.10.23"]
[Round "2"]
[White "leb"]
[Black "avian"]
[Result "0-1"]
[WhiteElo "1353"]
[BlackElo "1589"]

1. d4 d5 2. c4 c6 3. Nc3 e6 4. Nf3 Bb4 5. cxd5 cxd5 6. Bg5 Qc7 7. Qa4+ Nc6 8. e3
a6 9. Ne5 Ne7 10. Nxc6 Nxc6 11. Bd3 O-O 12. O-O Bd6 13. g3 Nb4 14. Bb1 Bd7 15.
Qd1 Rfe8 16. a3 Nc6 0-1

[Event "AUTO-OPEN-3811"]
[Site "http://www.queenalice.com/game.php?id=1500088"]
[Date "2017.10.23"]
[Round "2"]
[White "avian"]
[Black "leb"]
[Result "1-0"]
[WhiteElo "1596"]
[BlackElo "1344"]

1. d4 d5 2. c4 e6 3. Nc3 Nf6 4. Nf3 Be7 5. e3 O-O 6. Bd2 Nbd7 7. Be2 dxc4 8.
Bxc4 c5 9. O-O cxd4 10. Nxd4 Nb6 11. Bb3 Nbd5 12. Nxd5 Nxd5 13. Re1 Bf6 14. Qf3
b6 15. Bxd5 1-0

[Event "AUTO-OPEN-3811"]
[Site "http://www.queenalice.com/game.php?id=1500089"]
[Date "2017.10.23"]
[Round "2"]
[White "leb"]
[Black "josebaron"]
[Result "0-1"]
[WhiteElo "1414"]
[BlackElo "2020"]

1. d4 d5 2. c4 Nf6 3. Nc3 e6 4. cxd5 Nxd5 5. Nxd5 exd5 6. Nf3 Be7 7. a3 O-O 8.
e3 c5 9. Bd3 c4 10. Bc2 a5 11. O-O Nc6 12. b3 cxb3 13. Bxb3 f5 14. Bb2 Kh8 15.
Rc1 f4 16. Ne5 fxe3 17. fxe3 Nxe5 18. Rxf8+ Bxf8 19. dxe5 Be6 20. Qd3 Rc8 0-1

[Event "AUTO-OPEN-3811"]
[Site "http://www.queenalice.com/game.php?id=1500090"]
[Date "2017.10.23"]
[Round "2"]
[White "josebaron"]
[Black "leb"]
[Result "1-0"]
[WhiteElo "2099"]
[BlackElo "1414"]

1. e4 e6 2. c4 c6 3. Nf3 d5 4. cxd5 exd5 5. exd5 Qxd5 6. Nc3 Qe6+ 7. Be2 Nf6 8.
O-O Be7 9. Re1 O-O 10. d4 Bb4 11. a3 Bxc3 12. bxc3 Nbd7 13. Ng5 Qd6 14. f4 Ne4
15. Nxe4 1-0

[Event "Challenge"]
[Site "http://www.queenalice.com/game.php?id=1534489"]
[Date "2018.7.12"]
[Round "-"]
[White "datmyhorsie"]
[Black "leb"]
[Result "0-1"]
[WhiteElo "1381"]
[BlackElo "1324"]

1. e4 e6 2. d4 d5 3. Nc3 dxe4 4. Nxe4 Nd7 5. Nf3 Ngf6 6. Nxf6+ Nxf6 7. Bc4 c5 8.
O-O cxd4 9. Nxd4 Be7 10. Bg5 O-O 11. Re1 b6 12. Nc6 Qc7 13. Nxe7+ Qxe7 14. Qe2
Bb7 15. Rad1 Rad8 16. Rxd8 Rxd8 17. Rd1 Rxd1+ 18. Qxd1 h6 19. Bh4 Qd7 20. Qxd7
Nxd7 21. Bg3 Kf8 22. Bd6+ Ke8 23. Bb5 a6 24. Bxd7+ Kxd7 25. Bf8 g6 26. Bxh6 Kd6
27. f3 Kd5 28. c3 Kc4 29. Kf2 Kd3 30. Bg7 Kc2 31. c4 Kb1 32. a3 Kc2 33. Ke3 g5
34. Bf6 g4 35. fxg4 Bxg2 36. h4 Kb3 37. h5 Bh3 38. Kf4 Bf1 39. Ke3 Kc2 0-1